[Event "22nd ECU Club Cup"]
[Site "Feugen AUT"]
[Date "2006.10.09"]
[Round "2"]
[White "Bucinskas,V"]
[Black "Stefansson,H"]
[Result "0-1"]
[WhiteElo "2336"]
[BlackElo "2551"]

1.e4 c5 2.Nf3 e6 3.Nc3 a6 4.d4 cxd4 5.Nxd4 Qc7 6.g3 Nf6 7.Bg2 Be7 8.O-O d6
9.Re1 O-O 10.a4 Nc6 11.b3 Nxd4 12.Qxd4 b6 13.Bb2 Bb7 14.Rac1 Rfd8 15.Qd3 Rac8
16.Ne2 d5 17.e5 Ne4 18.f3 Bg5 19.f4 Be7 20.c3 Nc5 21.Qc2 d4 22.Nxd4 Bxg2
23.Kxg2 Nxa4 24.Qe2 Qb7+ 25.Kh3 Nxb2 26.Qxb2 Bc5 27.Ne2 Qf3 28.Rcd1 h6 29.Rf1 Bf2
30.Qc2 g5 31.Rxd8+ Rxd8 32.Rd1 Rc8 33.Qd3 g4+ 34.Kh4 Qg2 35.Kxg4 Kh8 36.h4 Rg8+
37.Kh5 Bc5 38.f5 Qh3 39.Qf3 Be3 40.Rd8 Rxd8  0-1

[Event "22nd ECU Club Cup"]
[Site "Feugen AUT"]
[Date "2006.10.09"]
[Round "2"]
[White "Sahitaj,N"]
[Black "Trygstad,K"]
[Result "0-1"]
[WhiteElo "2248"]
[BlackElo "2327"]

1.e4 c5 2.Nf3 e6 3.d4 cxd4 4.Nxd4 a6 5.Nc3 Qc7 6.Bd3 Nf6 7.O-O Nc6 8.Be3 Nxd4
9.Bxd4 Bc5 10.Bxc5 Qxc5 11.Qe2 d6 12.Kh1 e5 13.f4 Be6 14.f5 Bd7 15.Bc4 Bc6
16.Rad1 Rc8 17.Bb3 Ke7 18.g4 h6 19.h3 b5 20.a3 a5 21.Rd3 b4 22.axb4 axb4
23.Nd5+ Bxd5 24.exd5 Qb5 25.Qe1 Kd7 26.Qe3 Qc5 27.Ba4+ Ke7 28.Qd2 Ra8 29.Bc6 Ra2
30.Rb3 Rb8 31.Kg2 Qc4 32.Re1 Ne4 33.Qc1 Nc5 34.f6+ gxf6 35.Rf3 b3 36.Qxh6 Qxc2+
37.Kg3 Qg6 38.Qc1 Nd3 39.Qc3 Nxe1 40.Qxe1 Kf8 41.Qc3 Kg7 42.Bd7 Qc2 43.Bf5 Qxc3
44.Rxc3 Rxb2 45.Rc7 Rd2 46.Be6 b2 47.Rxf7+ Kg6 48.h4 Rb3+  0-1

[Event "Open"]
[Site "Winterthur SUI"]
[Date "2006.10.09"]
[Round "4"]
[White "Meinhardt,Ma"]
[Black "Miezis,N"]
[Result "0-1"]
[WhiteElo "2381"]
[BlackElo "2529"]

1.e4 c5 2.Nf3 e6 3.d4 cxd4 4.Nxd4 a6 5.Nc3 Qc7 6.g3 h5 7.Bg2 Nc6 8.Nb3 b5
9.f4 Bb7 10.Be3 Na5 11.Nxa5 Qxa5 12.Qd2 b4 13.Nd1 Nf6 14.Nf2 h4 15.Bd4 Rc8
16.g4 h3 17.Bf3 d5 18.Rd1 Be7 19.exd5 Nxd5 20.O-O Qc7 21.Bxg7 Rg8 22.Be5 Qxc2
23.Qxc2 Rxc2 24.Rc1 Rxc1 25.Rxc1 f6 26.Bxd5 Bxd5 27.Bd4 Kd7 28.Rd1 Kc6 29.b3 Bf3
30.Rd3 Bxg4 31.Rg3 f5 32.Nxg4 Rxg4 33.Be3 Kd5 34.Kh1 Rxg3 35.hxg3 Ke4 36.Bb6 Kd3
37.Kh2 Kc3 38.Kxh3 Kb2 39.g4 fxg4+ 40.Kxg4 Kxa2  0-1

[Event "22nd ECU Club Cup"]
[Site "Feugen AUT"]
[Date "2006.10.10"]
[Round "3"]
[White "Goban,M"]
[Black "Efimov,Ig"]
[Result "0-1"]
[WhiteElo "2148"]
[BlackElo "2412"]

1.e4 c5 2.Nf3 e6 3.d4 cxd4 4.Nxd4 a6 5.Nc3 b5 6.Bd3 Bc5 7.Nb3 Be7 8.Be3 d6
9.O-O Nd7 10.a4 b4 11.Na2 Rb8 12.Qe2 a5 13.Bb5 Nf6 14.c3 bxc3 15.Nxc3 Bb7
16.f3 O-O 17.Rfd1 Ra8 18.Nd4 Rc8 19.Rac1 h6 20.Nb3 Nb8 21.Qf2 Nfd7 22.Qd2 Ne5
23.Ne2 Nbc6 24.Ned4 d5 25.exd5 Bb4 26.Qf2 Nxd4 27.Bxd4 Rxc1 28.Rxc1 Qxd5
29.Nxa5 Nxf3+ 30.Kh1 Nxd4 31.Nxb7 Nxb5 32.Qb6 Rb8  0-1

[Event "Open"]
[Site "Winterthur SUI"]
[Date "2006.10.10"]
[Round "5"]
[White "Bhend,E"]
[Black "Pikula,D"]
[Result "0-1"]
[WhiteElo "2252"]
[BlackElo "2542"]

1.e4 c5 2.Nf3 e6 3.Nc3 a6 4.d4 cxd4 5.Nxd4 Qc7 6.Bd3 Bc5 7.Nb3 Be7 8.O-O d6
9.f4 Nc6 10.a4 b6 11.Be3 Nf6 12.Kh1 O-O 13.Rf3 g6 14.Rg3 Re8 15.f5 Bf8 16.fxg6 fxg6
17.Qg1 Rb8 18.Rf1 Bg7 19.Rgf3 Nd7 20.Nd4 Nce5 21.Rg3 Nc5 22.Rd1 Bd7 23.Qf1 Nexd3
24.cxd3 Nxa4 25.Nxa4 Bxa4 26.Rc1 Qb7 27.b3 Bd7 28.Rf3 Rf8 29.Qe1 a5 30.Qh4 e5
31.Rxf8+ Rxf8 32.Nf3 Be6 33.Bg5 Qd7 34.Be7 Rf4 35.Qg5 h6 36.Qxg6 Qxe7  0-1

[Event "22nd ECU Club Cup"]
[Site "Feugen AUT"]
[Date "2006.10.11"]
[Round "4"]
[White "Jones,RS"]
[Black "Goban,M"]
[Result "1-0"]
[WhiteElo "2354"]
[BlackElo "2148"]

1.e4 c5 2.Nf3 a6 3.Nc3 e6 4.d4 cxd4 5.Nxd4 Qc7 6.Be2 b5 7.O-O Bb7 8.Re1 b4
9.Na4 Bxe4 10.Bf3 Bb7 11.Nf5 Nc6 12.Be3 g6 13.Bb6 Qb8 14.Bd4 f6 15.Nb6 gxf5
16.Bh5+ Kd8 17.Rxe6 Be7 18.Bc5 Qc7 19.Qd2 Ne5 20.Rd1 Bc6 21.Qxb4 Ng6 22.Bxg6 hxg6
23.Bxe7+ Ke8  1-0

[Event "22nd ECU Club Cup"]
[Site "Feugen AUT"]
[Date "2006.10.11"]
[Round "4"]
[White "Arben,A"]
[Black "Zivkovic,Vj"]
[Result "0-1"]
[WhiteElo "2000"]
[BlackElo "2412"]

1.e4 c5 2.Nf3 e6 3.d4 cxd4 4.Nxd4 a6 5.Nc3 d6 6.Be3 b5 7.a4 b4 8.Na2 Nf6
9.Bd3 Bb7 10.f3 Nbd7 11.c3 d5 12.cxb4 dxe4 13.fxe4 Ne5 14.Be2 Nxe4 15.O-O Bd6
16.Qe1 O-O 17.Rd1 Qe7 18.Bf3 Nxf3+ 19.Nxf3 Rac8 20.Bd4 Rc2 21.Rc1 Rxc1 22.Qxc1 Bxb4
23.Nxb4 Qxb4 24.Qc7 Bd5 25.a5 f6 26.Rc1 Qb7 27.Qxb7 Bxb7 28.Bb6 e5 29.Kf1 Rc8
30.Rxc8+ Bxc8 31.Ke2 Bb7 32.g3 Kf7 33.Nd2 Nd6 34.Kd3 Bc6 35.Ke3 Ke6 36.b3 Bd5
37.Kd3 f5 38.Ke3 g5 39.Bd8 f4+ 40.Ke2 g4 41.gxf4 exf4 42.Bc7 h5 43.Bd8 Kf5
44.Be7 Nb5 45.Kf2 Nd4 46.b4 Nc6 47.Bd6 h4 48.Nf1 Bc4 49.Nd2 Bd5 50.Nf1 Be4
51.Nd2 g3+ 52.Kg1 Bd5 53.Nf1 Kg4  0-1

[Event "XI WCh-Blind"]
[Site "Goa IND"]
[Date "2006.10.11"]
[Round "3"]
[White "Nizam,R"]
[Black "Krylov,Sergey"]
[Result "0-1"]
[WhiteElo "2244"]
[BlackElo "2393"]

1.e4 c5 2.Nf3 e6 3.d4 cxd4 4.Nxd4 a6 5.Nc3 b5 6.Bd3 Qb6 7.Nb3 Qc7 8.O-O Bb7
9.Re1 Nc6 10.Qh5 Nf6 11.Qh4 Ne5 12.Bf4 Bd6 13.Bg3 h6 14.Bxe5 Bxe5 15.Nd1 g5
16.Qh3 g4 17.Qe3 Bxh2+ 18.Kf1 Be5 19.a4 b4 20.c3 bxc3 21.Nxc3 Bf4 22.Qd4 Qe5
23.Qb4 Rb8 24.Qa3 Qh5 25.Ke2 Qh2 26.Rg1 Bd6 27.Qa2 Qe5 28.Nd2 Bc5 29.Qc4 Ba7
30.Kf1 Qf4  0-1

[Event "FSGM October"]
[Site "Budapest HUN"]
[Date "2006.10.13"]
[Round "7"]
[White "Fogarasi,T"]
[Black "Erdos,V"]
[Result "1/2-1/2"]
[WhiteElo "2425"]
[BlackElo "2503"]

1.e4 c5 2.Nf3 e6 3.d4 cxd4 4.Nxd4 a6 5.Nc3 b5 6.Bd3 Qb6 7.Nb3 Qc7 8.Qe2 Bb7
9.O-O Nc6 10.a4 b4 11.Nd1 Nf6 12.f4 d6 13.Ne3 Be7 14.a5 O-O 15.Bd2 Rfe8 16.Kh1 d5
17.e5 Ne4 18.Bxe4 dxe4 19.Ng4 Bf8 20.Be3 Ne7 21.Bb6 Qc6 22.Nc5 Nc8 23.Nxb7 Nxb6
24.axb6 Qxb7 25.Nf2 Qxb6  1/2-1/2

[Event "22nd ECU Club Cup"]
[Site "Feugen AUT"]
[Date "2006.10.13"]
[Round "6"]
[White "Wegerle,J"]
[Black "Trygstad,K"]
[Result "1/2-1/2"]
[WhiteElo "2411"]
[BlackElo "2327"]

1.e4 c5 2.Nf3 e6 3.d4 cxd4 4.Nxd4 a6 5.Nc3 Qc7 6.Be2 Nf6 7.O-O Nc6 8.Kh1 Nxd4
9.Qxd4 Bc5 10.Qd3 b5 11.f4 Bb7 12.Bf3 O-O 13.e5 Ne8 14.Bxb7 Qxb7 15.Ne4 Be7
16.Qf3 Qc6 17.c3 f6 18.exf6 Nxf6 19.Nxf6+ Bxf6 20.Qxc6 dxc6 21.Be3 Rfd8  1/2-1/2

[Event "22nd ECU Club Cup"]
[Site "Feugen AUT"]
[Date "2006.10.14"]
[Round "7"]
[White "Atlas,V"]
[Black "Waters,M"]
[Result "1-0"]
[WhiteElo "2482"]
[BlackElo "2110"]

1.e4 c5 2.Nf3 e6 3.d4 cxd4 4.Nxd4 a6 5.Nc3 d6 6.g3 Bd7 7.Bg2 Nc6 8.O-O Be7
9.Nxc6 Bxc6 10.a4 Nf6 11.a5 O-O 12.Be3 Nd7 13.Qe2 Kh8 14.Nd5 Rc8 15.c4 f5
16.Nf4 Rf6 17.exf5 Bxg2 18.Kxg2 e5 19.Nd5 Rxf5 20.Bb6 Nxb6 21.axb6 Qd7 22.f4 Rcf8
23.Rad1 Bd8 24.fxe5 dxe5 25.Qxe5 h6 26.Rxf5 Rxf5 27.Qe4 Rh5 28.g4 Rg5 29.Nf6  1-0

[Event "22nd ECU Club Cup"]
[Site "Feugen AUT"]
[Date "2006.10.14"]
[Round "7"]
[White "Efimenko,Z"]
[Black "Svidler,P"]
[Result "1/2-1/2"]
[WhiteElo "2612"]
[BlackElo "2750"]

1.e4 c5 2.Nf3 e6 3.d4 cxd4 4.Nxd4 a6 5.Nc3 Qc7 6.Be2 b5 7.O-O Bb7 8.Re1 Nc6
9.Nxc6 dxc6 10.e5 Rd8 11.Bd3 c5 12.Qg4 Ne7 13.Bg5 Rd4 14.Qg3 Ng6 15.Rad1 Be7
16.Bxe7 Qxe7 17.Ne4 Bxe4 18.Rxe4 Rd5 19.b3 O-O 20.Rde1 Rfd8 21.a4 Rd4 22.axb5 axb5
23.Rxd4 cxd4 24.Ra1 Qc7 25.f4 Ne7 26.Qe1 Nd5 27.Qe4 g6 28.Qxd4 Ne7 29.Qf2 Qc3
30.Rf1 Nd5 31.Qe1 Qd4+ 32.Qf2 Qc3 33.Qe1 Qd4+ 34.Qf2  1/2-1/2

[Event "IRT5"]
[Site "Sao Paulo BRA"]
[Date "2006.10.14"]
[Round "5"]
[White "Viana da Costa,F"]
[Black "De Lima,D"]
[Result "1-0"]
[WhiteElo "2288"]
[BlackElo "2033"]

1.e4 c5 2.Nf3 e6 3.Nc3 a6 4.d4 cxd4 5.Nxd4 Qc7 6.Bd3 Nc6 7.Nxc6 bxc6 8.O-O e5
9.f4 Bc5+ 10.Kh1 d6 11.Na4 Qa5 12.c3 Ba7 13.fxe5 dxe5 14.Bc4 Nf6 15.Bg5 Ke7
16.Qf3 Be6 17.Bxf6+ Kd7 18.Bxe6+ fxe6 19.Qd1+  1-0

[Event "WJun"]
[Site "Yerevan ARM"]
[Date "2006.10.16"]
[Round "13"]
[White "Frolyanov,D"]
[Black "Stellwagen,D"]
[Result "1/2-1/2"]
[WhiteElo "2498"]
[BlackElo "2576"]

1.e4 c5 2.Nf3 e6 3.d4 cxd4 4.Nxd4 a6 5.Nc3 Qc7 6.g3 Bb4 7.Bd2 Nf6 8.Bg2 Nc6
9.Nb3 Be7 10.O-O O-O 11.f4 d6 12.a4 b6 13.g4 Re8 14.g5 Nd7 15.Qh5 Na5 16.Nxa5 bxa5
17.b3 Bb7 18.Rf3 g6 19.Qh4 h5 20.Raf1 Bf8 21.Rh3 Bg7 22.Qf2 Rac8 23.Kh1 Nc5
24.Kg1 Qd7 25.f5 Bxc3 26.fxg6 fxg6 27.Bxc3 e5 28.Qe2 Ne6 29.Qd2 Nf4 30.Rxf4 exf4
31.Qxf4 Rf8 32.Qd2 Bxe4 33.Qd4 Rxc3 34.Rxc3 Qg4 35.Rg3 Qf4 36.Qe3 Bxc2 37.Bd5+ Kh8
38.Qxf4 Rxf4 39.h3 Bf5 40.Re3 h4 41.Re8+ Kg7 42.Rg8+ Kh7 43.Rf8 Rd4  1/2-1/2

[Event "Belgrade-Dallas m"]
[Site "ICC INT"]
[Date "2006.10.20"]
[Round "1"]
[White "Lopez,Ne"]
[Black "Stojanovic,Mari"]
[Result "1/2-1/2"]
[WhiteElo "2136"]
[BlackElo "2185"]

1.e4 c5 2.Nf3 e6 3.Nc3 a6 4.d4 cxd4 5.Nxd4 Qc7 6.Bd3 Nc6 7.Nxc6 dxc6 8.O-O e5
9.f4 Bd6 10.f5 Nf6 11.Be3 b5 12.a4 Bb7 13.axb5 axb5 14.Rxa8+ Bxa8 15.Bxb5 O-O
16.Bc4 Bb4 17.Na4 Be7 18.Qf3 Rb8 19.Nc5 Qa5 20.Nd3 Qc7 21.Kh1 Bd6 22.b3 c5
23.Nf2 Bc6 24.Bg5 Be7 25.Bxf6 Bxf6 26.Ng4 Qe7 27.Qg3 Kh8 28.Nf2 Rd8 29.Qc3 Rd4
30.Re1 h6 31.g3 Bg5 32.Qf3 Rd2 33.Re2 Rd4 34.Kg2 Qb7 35.h4 Bf6 36.g4 Bxh4
37.c3 Rd7 38.Nd3 Qc7 39.Nxc5 Rd8 40.b4 Bg5 41.Ra2 Rd2+ 42.Rxd2 Bxd2 43.Qd3 Bg5
44.Kf3 Be7 45.Na6 Qb7 46.b5 Be8 47.Nb4 Qa8 48.Nd5 Bd8 49.b6 Bc6 50.Bb5 Bxd5
51.exd5 Bxb6 52.Bc6 Qd8 53.Qb5 Bc7 54.Ke4 Qg5 55.Qf1 Qxg4+ 56.Ke3 Bb6+ 57.Kd3 e4+
58.Kc2 e3 59.Bb5 Qe4+ 60.Qd3 Qg2+ 61.Kb3 h5 62.d6 h4 63.d7 Qg5 64.Qe4 Qf6
65.Bf1 g6 66.fxg6 fxg6 67.Qa8+ Kg7 68.Qb7 Bd8 69.Qg2 Qe6+ 70.Kc2 Qxd7 71.Bd3 Qf7
72.Qg4 g5 73.Be2 Bf6 74.Kd3 Qd5+ 75.Kxe3 Qe5+ 76.Kf2 Qxc3 77.Qd7+ Kf8 78.Bh5 Qd4+
79.Qxd4 Bxd4+ 80.Kf3 Kg7 81.Bg4 Kf6 82.Kg2 Ke5 83.Kh3 Kf4 84.Bc8  1/2-1/2

[Event "AVTOGAZ 40"]
[Site "Togliatti RUS"]
[Date "2006.10.22"]
[Round "1"]
[White "Kovchan,A"]
[Black "Kazancev,V"]
[Result "1-0"]
[WhiteElo "2518"]
[BlackElo "2335"]

1.e4 e6 2.d4 c5 3.Nf3 cxd4 4.Nxd4 a6 5.Nc3 b5 6.Be3 Bb7 7.f3 Ne7 8.Qd2 Nec6
9.Nce2 Ne5 10.Nf4 Nbc6 11.O-O-O Rc8 12.Nxc6 Rxc6 13.Kb1 Be7 14.Bd4 f6 15.Be2 Nc4
16.Bxc4 Rxc4 17.b3 Rc8 18.Bb2 Bc6 19.Rhe1 O-O 20.g4 Qc7 21.Nd5 exd5 22.exd5 Rf7
23.Rxe7 Rxe7 24.d6 Qd8 25.dxe7 Qxe7 26.Re1 Qf7 27.Qe3 a5 28.g5 fxg5 29.Qxg5 h6
30.Qe5 Kh7 31.f4 Rg8 32.f5 Qd5 33.Qxd5 Bxd5 34.Re7 Bc6 35.f6 Kg6 36.fxg7 a4
37.Bd4 Kf5 38.bxa4 bxa4 39.a3 Kg4 40.c4  1-0

[Event "14th Chigorin Mem"]
[Site "St-Petersburg RUS"]
[Date "2006.10.24"]
[Round "2"]
[White "Mikheev,S"]
[Black "Yagupov,I"]
[Result "1/2-1/2"]
[WhiteElo "2334"]
[BlackElo "2541"]

1.e4 c5 2.Nf3 e6 3.Nc3 a6 4.d4 cxd4 5.Nxd4 b5 6.Bd3 Qb6 7.Be3 Bc5 8.Be2 Nc6
9.Nxc6 dxc6 10.Bxc5 Qxc5 11.Qd3 Nf6 12.f4 O-O 13.e5 Nd5 14.Nxd5 cxd5 15.O-O-O b4
16.Qd4 Qxd4 17.Rxd4 a5 18.Kd2 f6 19.exf6 gxf6 20.Re1 Bd7 21.Bf3 Kh8 22.g4 Rad8
23.Re3 e5 24.fxe5 fxe5 25.Rxd5 Bxg4 26.Rxd8 Rxd8+ 27.Ke2 Bxf3+ 28.Kxf3 Rd2
29.Re2 Rxe2 30.Kxe2 Kg7 31.Kd3 Kf6 32.Ke4 a4 33.a3 bxa3 34.bxa3 Ke6 35.h3 Kd6
36.h4 h5 37.c4 Kc5 38.Kxe5 Kxc4 39.Ke4 Kc3 40.Ke3 Kb2 41.Kd2 Ka2 42.Kc2 Kxa3
43.Kc3 Ka2 44.Kc2 a3 45.Kc1 Kb3 46.Kb1 a2+ 47.Ka1 Ka3  1/2-1/2

[Event "AVTOGAZ 40"]
[Site "Togliatti RUS"]
[Date "2006.10.24"]
[Round "4"]
[White "Zagrebelny,S"]
[Black "Kazancev,V"]
[Result "1-0"]
[WhiteElo "2484"]
[BlackElo "2335"]

1.e4 c5 2.Nf3 e6 3.Nc3 a6 4.d4 cxd4 5.Nxd4 b5 6.Bd3 Qb6 7.Nf3 Qc7 8.O-O Bb7
9.Re1 d6 10.a4 b4 11.Na2 Nc6 12.Bd2 Qb6 13.c3 bxc3 14.Bxc3 Nf6 15.b4 Ng4
16.Qd2 Nge5 17.Nxe5 Nxe5 18.Bd4 Qd8 19.Bf1 Be7 20.a5 O-O 21.Rac1 Bg5 22.f4 Bh6
23.Qf2 Ng4 24.Qg3 Nf6 25.Bb6 Qe8 26.Rc7 Bxe4 27.Nc3 Bc6 28.f5 e5 29.Qd3 d5
30.Bd4 e4 31.Qg3 Kh8 32.Qd6 Bb5 33.Bxb5 axb5 34.a6 Qd8 35.Qxd8 Rfxd8 36.a7 Bd2
37.Rb1 Kg8 38.Nxb5 Ng4 39.h3 Be3+ 40.Bxe3 Nxe3 41.Nd4 Nc4 42.b5  1-0

[Event "14th Chigorin Mem B"]
[Site "St-Petersburg RUS"]
[Date "2006.10.25"]
[Round "3"]
[White "Lysiniuk,L"]
[Black "Stubberud,O"]
[Result "0-1"]
[WhiteElo "1987"]
[BlackElo "2183"]

1.e4 c5 2.Nf3 e6 3.d4 cxd4 4.Nxd4 a6 5.Nc3 Qc7 6.Be3 Nf6 7.f3 Bb4 8.Qd2 d5
9.e5 Qxe5 10.O-O-O Qc7 11.Bf4 Bxc3 12.bxc3 Qe7 13.Re1 O-O 14.g4 Nc6 15.Kb1 Ne8
16.Bd3 Bd7 17.Rhg1 Nxd4 18.cxd4 Bb5 19.Rg3 Bxd3 20.Qxd3 Qb4+ 21.Qb3 Qxe1+
22.Kb2 Rc8  0-1

[Event "Magistral Barcelona Casino"]
[Site "Barcelona ESP"]
[Date "2006.10.26"]
[Round "8"]
[White "Timman,J"]
[Black "Lacasa Diaz,J"]
[Result "0-1"]
[WhiteElo "2565"]
[BlackElo "2410"]

1.e4 c5 2.Nf3 e6 3.d4 cxd4 4.Nxd4 a6 5.Nc3 d6 6.g3 Bd7 7.Bg2 Nc6 8.O-O Nf6
9.Nde2 Be7 10.h3 b5 11.a3 Rc8 12.Be3 O-O 13.f4 Qc7 14.g4 h6 15.Kh1 Na5 16.b3 d5
17.e5 Ne4 18.Nxe4 dxe4 19.Ra2 Bc6 20.Qe1 Bd5 21.f5 Bg5 22.Bg1 Nc6 23.h4 Bd8
24.fxe6 Bxe6 25.Bh2 Nxe5 26.Nd4 Bd5 27.Rf5 Re8 28.a4 g6 29.Rf1 Qd7 30.axb5 axb5
31.h5 Nf3 32.Qe3 Bg5  0-1

[Event "10th Essent Open"]
[Site "Hoogeveen NED"]
[Date "2006.10.26"]
[Round "7"]
[White "Berger,Stev"]
[Black "De Jong,M"]
[Result "1/2-1/2"]
[WhiteElo "2412"]
[BlackElo "2263"]

1.e4 c5 2.Nf3 e6 3.Nc3 a6 4.d4 cxd4 5.Nxd4 Qc7 6.g3 Bb4 7.Bd2 Nf6 8.Bg2 Nc6
9.Nxc6 dxc6 10.O-O Bc5 11.Na4 Be7 12.e5 Nd7 13.f4 O-O 14.Be3 b5 15.Nc3 Bb7
16.a4 Nb6 17.b3 Nd5 18.Nxd5 cxd5 19.Qd4 b4 20.a5 Rfc8 21.Rf2 Bc6 22.f5 exf5
23.g4 f4 24.Qxf4 Rf8 25.Bb6 Qb7 26.Rd1 Rac8 27.Qd4 Qd7 28.Bf3 f6 29.Bxd5+ Qxd5
30.Qxd5+ Bxd5 31.Rxd5 fxe5 32.Rxe5 Rxf2 33.Bxf2 Kf7 34.Re2 Bd8 35.Bb6 Bxb6+
36.axb6 Rb8 37.Re4 Rxb6 38.Rc4 Rd6 39.Kg2 Rd2+ 40.Kg3 g5 41.h4 gxh4+ 42.Kxh4 a5
43.Kg5 Ke6 44.Rc7 Rh2 45.Rc5 h6+ 46.Kf4 Rf2+ 47.Ke4 Rg2 48.Rxa5 Rxg4+ 49.Kf3 Rh4
50.Kg3 Rd4 51.Rh5 Rd2 52.Rxh6+ Kd5 53.Rh5+ Kd4 54.Rh4+ Kc3 55.Rc4+ Kb2 56.Rxb4 Rxc2
57.Rc4 Kxb3 58.Rxc2 Kxc2  1/2-1/2

[Event "WYG16"]
[Site "Batumi GEO"]
[Date "2006.10.27"]
[Round "10"]
[White "Tsirulnik,Mari"]
[Black "Ohme,M"]
[Result "0-1"]
[WhiteElo "2055"]
[BlackElo "2145"]

1.e4 c5 2.Nf3 e6 3.d4 cxd4 4.Nxd4 a6 5.Nc3 b5 6.Bd3 Qb6 7.Nb3 Qc7 8.O-O Bb7
9.Qe2 Nc6 10.Bd2 Nf6 11.Rae1 d6 12.f4 h5 13.Rf3 Be7 14.Rh3 g6 15.Nd1 e5 16.Nf2 exf4
17.Bxf4 Ne5 18.Rc1 Bc8 19.Bxe5 dxe5 20.Rf3 Qb6 21.h3 Be6 22.c4 O-O 23.Nd2 Rac8
24.b3 Kg7 25.Nf1 Rfd8 26.Rc2 Rd4 27.Ne3 bxc4 28.bxc4 Rd7 29.Rb2 Qa7 30.Nd5 Bxd5
31.cxd5 Rc1+ 32.Kh2 Bc5 33.Rc2 Rxc2 34.Bxc2 Rd8 35.g3 Rb8 36.Nd3 Bd4 37.Kg2 Qc7
38.Bb3 a5 39.Rf1 Qd7 40.Rc1 a4 41.Bd1 Qb5 42.Qf3 Rb6 43.Qe2 Ne8 44.Qc2 Nd6
45.Bf3 Rb7 46.Nf2 Qa5 47.Qd1 Rb2 48.Rc2 Nc4 49.Rxc4 Rxf2+ 50.Kh1 Rxa2 51.d6 Ra1
52.Rc1 Rxc1 53.Qxc1 a3 54.Qc7 Qe1+  0-1

[Event "10th Essent Open"]
[Site "Hoogeveen NED"]
[Date "2006.10.27"]
[Round "8"]
[White "Bitalzadeh,A"]
[Black "Ibrahimov,R"]
[Result "1-0"]
[WhiteElo "2345"]
[BlackElo "2541"]

1.e4 c5 2.Nc3 e6 3.Nf3 a6 4.d4 cxd4 5.Nxd4 Nc6 6.Nxc6 bxc6 7.Bd3 d5 8.O-O Nf6
9.b3 Be7 10.Re1 O-O 11.e5 Nd7 12.Na4 c5 13.c4 dxc4 14.Bxc4 Qc7 15.Bf4 Bb7
16.Qg4 Rfe8 17.Rad1 Nf8 18.Rc1 Ng6 19.Bg3 Red8 20.Bf1 Qa5 21.Qc4 Rac8 22.Qc3 Qb4
23.Red1 h5 24.f3 Rxd1 25.Rxd1 Qxc3 26.Nxc3 h4 27.Bf2 Nxe5 28.Be2 g5 29.Na4 Bc6
30.Bxa6 Ra8 31.Bxc5 Bf6 32.Be2 h3 33.gxh3 Nxf3+ 34.Bxf3 Bxf3 35.Rf1  1-0

[Event "14th Chigorin Mem"]
[Site "St-Petersburg RUS"]
[Date "2006.10.27"]
[Round "6"]
[White "Savchenko,B"]
[Black "Sergienko,S"]
[Result "1-0"]
[WhiteElo "2551"]
[BlackElo "2441"]

1.e4 c5 2.Nf3 a6 3.Nc3 e6 4.d4 cxd4 5.Nxd4 b5 6.Bd3 Qb6 7.Nb3 Qc7 8.Qe2 d6
9.O-O Nf6 10.Bd2 Be7 11.a4 b4 12.Na2 a5 13.c3 Bd7 14.cxb4 axb4 15.Nxb4 Qb7
16.a5 d5 17.e5 Bxb4 18.exf6 gxf6 19.a6 Qb6 20.Be3 Qd6 21.a7 Nc6 22.Ra6 Ke7
23.Nd4 Nxd4 24.Bxd4 Qf4 25.Be3 Qh4 26.g3 Qh3 27.Qc2 Rhc8 28.Qb3 Bd6 29.Rxd6  1-0

[Event "Open A"]
[Site "Le Touquet FRA"]
[Date "2006.10.28"]
[Round "1"]
[White "Schuermans,R"]
[Black "Epishin,V"]
[Result "0-1"]
[WhiteElo "2239"]
[BlackElo "2527"]

1.e4 c5 2.Nf3 e6 3.Nc3 a6 4.d4 cxd4 5.Nxd4 b5 6.Bd3 Qb6 7.Nb3 Qc7 8.Be3 Bb7
9.O-O Nf6 10.a3 d5 11.exd5 Nxd5 12.Nxd5 Bxd5 13.Qg4 Nd7 14.Bf4 Qd8 15.Rad1 Nf6
16.Qe2 Be7 17.c4 bxc4 18.Bxc4 O-O 19.Be5 Bxc4 20.Qxc4 Qb6 21.Rd3 Rac8 22.Qh4 Nd7
23.Qxe7 Nxe5 24.Rg3 Ng6 25.Qg5 Rc2 26.a4 Rxb2 27.Nc5 Rc8 28.Rc3 h6 29.Qc1 a5
30.g3 Rd8 31.h4 Ne7 32.Nd3 Ra2 33.Ne5 Rxa4 34.Rc7 Re4 35.Rxe7 Rxe5 36.Qf4 Rf5
37.Qa4 Rd2 38.Re8+ Kh7 39.Qe4 Rxf2  0-1

[Event "14th Chigorin Mem"]
[Site "St-Petersburg RUS"]
[Date "2006.10.28"]
[Round "7"]
[White "Solovjova,V"]
[Black "Stukopin,A"]
[Result "0-1"]
[WhiteElo "2298"]
[BlackElo "2309"]

1.e4 c5 2.Nf3 e6 3.d4 cxd4 4.Nxd4 a6 5.Nc3 Qc7 6.Be3 Nf6 7.Qd2 Bb4 8.f3 d5
9.Bd3 dxe4 10.fxe4 Nbd7 11.Nde2 Nc5 12.O-O Ng4 13.Ng3 Nxe3 14.Qxe3 Nb3 15.Kh1 Nxa1
16.Rxa1 O-O 17.e5 Be7 18.Qe4 g6 19.Nh5 f5 20.exf6 Bxf6 21.Nxf6+ Rxf6 22.Re1 Bd7
23.Qh4 Qf4 24.Qh3 Raf8 25.Rg1 Bc6 26.Ne2 Qf2 27.Ng3 e5 28.Qg4 Kh8 29.Ne4 Bxe4
30.Qxe4 Qd4 31.Qxb7 R8f7 32.Qc8+ Kg7 33.Bxa6 e4 34.c3 Qf2 35.Bc4 e3 36.Bxf7 e2
37.Qg8+ Kh6 38.Qf8+ Kh5 39.Bxg6+ hxg6 40.Qh8+ Kg5 41.h4+ Qxh4+ 42.Qxh4+ Kxh4
43.g3+ Kh3  0-1

[Event "Open A"]
[Site "Le Touquet FRA"]
[Date "2006.10.31"]
[Round "5"]
[White "Radulski,J"]
[Black "Kveinys,A"]
[Result "1/2-1/2"]
[WhiteElo "2494"]
[BlackElo "2540"]

1.e4 c5 2.Nf3 e6 3.d4 cxd4 4.Nxd4 a6 5.Nc3 Qc7 6.f4 b5 7.a3 Bb7 8.Bd3 Nc6
9.Nb3 d6 10.O-O Nf6 11.Be3 Be7 12.Qf3 O-O 13.Qh3 Rfe8 14.Nd4 Nxd4 15.Bxd4 e5
16.Be3 Qc8 17.f5 d5 18.exd5 e4 19.Be2 Nxd5 20.Nxd5 Bxd5 21.Rad1  1/2-1/2

[Event "Open"]
[Site "Santo Domingo DOM"]
[Date "2006.11.02"]
[Round "4"]
[White "Quezada,Y"]
[Black "Zapata,A"]
[Result "1-0"]
[WhiteElo "2515"]
[BlackElo "2470"]

1.e4 c5 2.Nf3 e6 3.d4 cxd4 4.Nxd4 a6 5.Nc3 Qc7 6.Bd3 Nc6 7.Nxc6 dxc6 8.O-O e5
9.f4 Bd6 10.f5 Nf6 11.Kh1 h6 12.a4 a5 13.Qf3 Bc5 14.Bd2 b6 15.Qg3 Kf8 16.Ne2 Bb7
17.Bc3 Bd6 18.b3 Re8 19.Bb2 Kg8 20.Qf3 Qe7 21.Rad1 Ba3 22.Bxa3 Qxa3 23.Qe3 Qb4
24.c3 Qc5 25.Qxc5 bxc5 26.Ng1 Re7 27.Rfe1 Kh7 28.Bc4 Ra8 29.Nf3 g6 30.fxg6+ fxg6
31.Kg1 Kg7 32.h3 Rae8 33.Kf2 Rd7 34.Rxd7+ Nxd7 35.Rd1 Re7 36.Rd6 Nf6 37.Ke3 Ne8
38.Rd8 Nf6 39.Rb8 g5 40.Ne1 Nd5+ 41.exd5 cxd5 42.Bb5 d4+ 43.cxd4 cxd4+ 44.Kd3 Rc7
45.Bc4 Rd7 46.Rg8+ Kh7 47.Re8 e4+ 48.Kd2 Kg7 49.g4 Kf6 50.Re6+ Kg7 51.Re5 Rc7
52.Rxa5 Re7 53.Nc2 e3+ 54.Ke2 Rd7 55.Re5 Bg2 56.Ne1 Bxh3 57.Kf3  1-0

[Event "Petersburg Autumn"]
[Site "St Petersburg RUS"]
[Date "2006.11.03"]
[Round "4"]
[White "Kruglov,Vl"]
[Black "Kondratiev,D"]
[Result "1-0"]
[WhiteElo "1968"]
[BlackElo "2069"]

1.e4 c5 2.Nf3 e6 3.d4 cxd4 4.Nxd4 a6 5.Nc3 Qc7 6.g3 Nf6 7.Bg2 Bb4 8.Ne2 Nc6
9.O-O d6 10.a3 Bc5 11.h3 Bd7 12.Kh1 h5 13.Bg5 Ne5 14.Qd2 Nfg4 15.hxg4 hxg4+
16.Kg1 Nf3+ 17.Bxf3 gxf3 18.Nd4 d5 19.Bf4 e5 20.Nxf3 exf4 21.Nxd5 Qd6 22.Qxf4 Qxf4
23.Nxf4 g5 24.Nd5 O-O-O 25.b4 Ba7 26.Ne7+ Kb8 27.Nf5 f6 28.Rad1 Kc7 29.N3d4 Rhe8
30.Rfe1 Bxf5 31.Nxf5 Rxd1 32.Rxd1 Rxe4 33.Rd2 Re1+ 34.Kg2 Ra1 35.Rd3 Ra2
36.Rc3+ Kd7 37.Kf3 Ke6 38.Ne3 f5 39.Rc7 g4+ 40.Ke2 Bxe3 41.fxe3 Rxa3 42.Rxb7 Kd5
43.Rc7 Ke4 44.Rc4+ Ke5 45.Rc8 Ra1 46.Rc6 Ke4 47.Re6+ Kd5 48.Re8 Rg1 49.Kd3 Rxg3
50.c4+ Kd6 51.Kd4 Rg1 52.c5+ Kd7 53.Rg8 g3 54.Kd5 g2 55.Rg7+ Ke8 56.Kc6 Kf8
57.Rg5 Ke7 58.Kc7 Kf6 59.Rg3 Ke5 60.Kb7 Rb1 61.Rxg2 Rxb4+ 62.Kxa6 Ke4 63.Rf2 Rb3
64.c6 Ra3+ 65.Kb5 Rb3+ 66.Kc4 Rb8 67.Kc5  1-0

[Event "VII Rapid"]
[Site "El Sauzal ESP"]
[Date "2006.11.04"]
[Round "1"]
[White "Rivas Crespo,A"]
[Black "Moskalenko,V"]
[Result "0-1"]
[WhiteElo "1767"]
[BlackElo "2543"]

1.e4 c5 2.Nf3 e6 3.d4 cxd4 4.Nxd4 a6 5.Nc3 Qc7 6.Be3 Bb4 7.Bd2 Nf6 8.f3 Nc6
9.Nxc6 dxc6 10.Qe2 e5 11.O-O-O Be6 12.Qf2 O-O 13.f4 Bxc3 14.bxc3 Nxe4 15.Qe3 Qa5
16.Qxe4 Qa3+  0-1

[Event "Femida w"]
[Site "Kharkiv UKR"]
[Date "2006.11.04"]
[Round "6"]
[White "Borisova,E"]
[Black "Burtasova,A"]
[Result "0-1"]
[WhiteElo "2182"]
[BlackElo "2264"]

1.e4 c5 2.Nf3 e6 3.d4 cxd4 4.Nxd4 a6 5.Nc3 b5 6.Bd3 d6 7.O-O Nf6 8.a4 b4
9.Na2 e5 10.Nf3 Nc6 11.Bd2 Rb8 12.Qe2 Qb6 13.Be3 Qb7 14.h3 Be7 15.Bg5 O-O
16.Bc4 h6 17.Bxf6 Bxf6 18.Rfd1 Be7 19.Bd5 Qb6 20.c3 bxc3 21.bxc3 Bd7 22.Nd2 Kh8
23.Rab1 Qa5 24.Nc4 Qc7 25.Rxb8 Rxb8 26.Bxf7 Nd8 27.Bd5 Bxa4 28.Rd3 Bb5 29.Rg3 Bh4
30.Rg6 Nb7 31.Nb4 Na5 32.Qh5 Bxf2+ 33.Kxf2 Qa7+ 34.Kg3 Bxc4 35.Rxd6 Bxd5
36.Nxd5 Nc4 37.Re6 Ne3 38.Qe2 Qf7 39.Rxe5 Nf1+ 40.Kg4 Qg6+ 41.Kf4 Rf8+  0-1

[Event "TCh-ROM Divizia A Masculin"]
[Site "Predeal ROM"]
[Date "2006.11.04"]
[Round "1"]
[White "Golubev,M"]
[Black "Istratescu,A"]
[Result "1/2-1/2"]
[WhiteElo "2467"]
[BlackElo "2615"]

1.e4 c5 2.Nf3 e6 3.Nc3 a6 4.d4 cxd4 5.Nxd4 Qc7 6.Bd3 Nf6 7.O-O Bc5 8.Nb3 Ba7
9.Bg5 Nc6 10.Kh1 b5 11.f4 b4 12.Na4 h5 13.Bh4 d6 14.c4 Ng4 15.Qf3 e5 16.c5 dxc5
17.Rac1 exf4  1/2-1/2

[Event "TCh-ROM Divizia A Masculin"]
[Site "Predeal ROM"]
[Date "2006.11.04"]
[Round "1"]
[White "Thesing,M"]
[Black "Ionescu,Co"]
[Result "0-1"]
[WhiteElo "2410"]
[BlackElo "2427"]

1.e4 c5 2.Nf3 e6 3.d4 cxd4 4.Nxd4 a6 5.Nc3 b5 6.Bd3 Bb7 7.O-O Nc6 8.Nxc6 Bxc6
9.Qe2 Bc5 10.a4 b4 11.Nd5 Ne7 12.Nxe7 Bxe7 13.e5 O-O 14.Bxa6 Qb6 15.Bd3 Rxa4
16.Rxa4 Bxa4 17.Be3 Qc7 18.Bh6 Rc8 19.Bxg7 Kxg7 20.Qg4+ Kf8 21.Bxh7 Ke8 22.Qg8+ Bf8
23.Bg6 Qc5 24.Qxf7+ Kd8 25.Rd1 Kc7 26.b3 Be7 27.Qf4 Bc6 28.h4 Rf8 29.Qd4 Qxd4
30.Rxd4 Bc5 31.Rd2 Rf4 32.g3 Rg4  0-1